Statistics for U.S. Presidents by their Signatures - Picture Quiz

Click here to take the quiz!

General Stats

  • This quiz has been taken 132 times
  • The average score is 15 of 18

Answer Stats

Answer % Correct
Jimmy Carter
100%
Abraham Lincoln
99%
Harry Truman
99%
Gerald Ford
98%
Richard Nixon
97%
Bill Clinton
95%
Benjamin Harrison
92%
George H. W. Bush
89%
Herbert Hoover
85%
Barack Obama
85%
John F. Kennedy
81%
Chester A. Arthur
77%
Dwight Eisenhower
76%
Franklin Roosevelt
75%
Millard Fillmore
71%
William McKinley
71%
Donald Trump
70%
Thomas Jefferson
60%

Score Distribution

Percentile by Number Answered

Percent of People with Each Score

Your Score History

You have not taken this quiz